000 00425nam a2200145Ia 4500
008 230917s9999||||xx |||||||||||||| ||und||
040 _e219560
_aMAIN
041 _aEnglish
082 _a891.432741 MK264C
100 _aमधुकांत
245 0 _aचाँद जमी पर
260 _aनई दिल्ली
_bनक्शिला प्रकाशन
_c2014
300 _a31 पृ. p.
942 _cHN
999 _c134964
_d134964